Načítá se...

Human behaviour at work: Organizational behaviour /

Podrobná bibliografie
Hlavní autor: Davis, Keith
Médium: Printed Book
Jazyk:English
Vydáno: New Delhi : McGraw-Hill, 1985.
LEADER 00407nam a2200121Ia 4500
008 150624b xxu||||| |||| 00| 0 eng d
100 |a Davis, Keith 
245 |a Human behaviour at work:  |b Organizational behaviour /  |c Keith Davis 
260 |a New Delhi :  |b McGraw-Hill,  |c 1985. 
300 |a 585 p. 
942 |c BK 
999 |c 38914  |d 38914 
952 |0 1  |1 0  |4 0  |7 0  |9 38913  |a UL  |b UL  |c ST1  |d 1998-08-27  |l 0  |p 56659  |r 2012-10-27  |w 2012-10-27  |y BK